000 00477nam a2200217Ia 4500
003 0100
008 130303s9999 xx 000 0 und d
020 _a014021366X
040 _cARRUPELIB
050 _aBL48.B56 1969
100 _aBliss, Kathleen
245 4 _aThe future of religion
260 _aLondon
260 _bC. A. Watts and Co.
260 _C1969
300 _ax
300 _b 193p. 19cm.
650 _aRELIGION
650 _bEmotions
942 0 0 _01
999 _c14818
_d14818